000 00951nab a2200241 i 4500
001 180820
003 ES-MaACL
005 20250904063108.0
008 120717s1913 sp 000 s spa d
040 _aES-MaACL
100 1 _aUgarte y Albizu, Eduardo,
_d1872-ca. 1933
_eaut
_9226953
245 1 0 _aConcepto y justicia del impuesto único sobre el valor del suelo /
_cpor Eduardo Ugarte y Albizu
300 _aPáginas 30-42
594 _aPrecede al título: Conferencias en el Círculo de la Unión Mercantil
599 _aRetrato del autor en portada
650 4 _aPropiedad inmobiliaria-
_xImpuestos-
_zEspaña
_9226954
655 4 _aConferencias
_9234444
710 2 _aCírculo de la Unión Mercantil (Madrid)
_eisb
_9134324
773 0 _tLa Palabra : revista taquigráfica,
_xISSN 2479-7723,
_gN. 16 (15 ag.1913), p. 30-42
_02879
_92987
_w2879
942 _2udc
_cANAB
_n0
999 _c180820
_d180820
955 _bPilar Fernández Vera